000 02038nam a2200205 a 4500
001 ASIN8182744792
005 20170105102854.0
008 130822s2010 xxu eng d
020 _a8182744792 (hardcover)
_c$37.50
020 _a9788182744790 (hardcover)
040 _a0
082 _a940.5343
100 1 _aHart, Russell A.
245 1 0 _aGuderian :
_bpanzer pioneer or myth maker? /
_cRussell A. Hart.
260 _a[S.l.] :
_bPentagon Press,
_c2010.
300 _a160 p. ;
_c22 cm.
520 _aWhile it remains one of the most widely read accounts of World War II, Russell A. Hart argues that too many of Guderian's biographers have accepted his view of his accomplishments at face value, without sufficient critical scrutiny. Unfortunately, an undeserved hagiography has resulted. While undoubtedly a great military figure of appreciable ego and ambition and with a volatile, impetuous, and difficult personality, Guderian was determined to achieve his vision of a war-winning armored force irrespective of the consequences. He proved to be a man who was politically naive enough to fall under the sway of Hitler and National Socialism and yet arrogant enough to believe he could save Germany from inevitable defeat late in the war, despite Hitler's interference. At the same time, Guderian failed either to participate in attempts to remove Hitler or to denounce as traitors the conspirators who did. In the end, he twisted the truth to establish his place in history. In the process, he denigrated the myriad important contributions of his fellow officers as he took personal credit for what were, in reality, collective accomplishments. Thus, he succeeded in creating a legend that has endured long after his death. This brief biography puts the record straight by placing Guderian's career and accomplishments into sharper and more accurate relief. It exposes the real Heinz Guderian, not the man of legend.
856 4 0 _3Amazon.com
_uhttp://www.amazon.com/exec/obidos/ASIN/8182744792/chopaconline-20
942 _2ddc
_cBK
999 _c14386
_d14386